01005nam a22002177a 450000500170000001000260001702000260004303500140006903500140008303700090009708200150010610000260012124500570014726000520020427001330025630000200038994200290040999900190043895201660045795201640062320251029143252.0 aENG-141351 ENG-147004 a9788119798698c999.00 aEN-124883 aEN-130536 bDBAD a791.430954 aSurender Kumar985571 aUnforgettable Divas of Bollywood/cBy Surender Kumar aNew DelhibHar Anand Publications Pvy Ltdc2024 aE-49/3, Okhla Industrial Area, Phase-IIbNew Delhie110020cNew Delhik011-41603490l011-41708607minfo@haranandpublications.com a191p.c23cm(pb) 2ddccENh791.430954mSUR c205197d205197 00102ddc40708NFICaBL4bBL4d2024-08-22eDelivery of Books Act Divisiong999.00l0o791.430954 SURpEN-124883r2024-08-22 00:00:00t1v999.00w2024-08-22yEN 001040718NFICaDBADbDBADd2025-10-29eDelivery of Books Act Divisiong999.00l0o791.430954 SURpEN-130536r2025-10-29 00:00:00t1 v999.00w2025-10-29yEN